|
|
|
|
| LEADER |
00640nab a2200169 i 4500 |
| 001 |
misc26151 |
| 005 |
20191108150217.0 |
| 008 |
170801s1941 hu o 0|| zxx d |
| 040 |
|
|
|a SZTE Miscellanea Repozitórium
|b hun
|
| 041 |
|
|
|a zxx
|
| 100 |
1 |
|
|a Dósa András
|
| 245 |
1 |
4 |
|a Die chronisch intermittierende Behandlung der Dysidrose mit Mischvakzinen
|h [elektronikus dokumentum] /
|c Dósa András
|
| 260 |
|
|
|c 1941
|
| 300 |
|
|
|a 75-84
|
| 490 |
0 |
|
|a Kolligátum
|
| 695 |
|
|
|a Bőrgyógyászat, Allergia - bőrbetegségek, Ekcéma, Terápia - gyógyszeres - injekció
|
| 856 |
4 |
0 |
|u http://misc.bibl.u-szeged.hu/26151/1/018_023_075-084.pdf
|z Dokumentum-elérés
|